000 00596nam a22001697a 4500
005 20120221135435.0
020 _a8170002982
_c500.00
035 _aB-31434
037 _aDPL
_bENG
100 _aChopra, Y. L.
_942698
245 _aChallenges before Library and Information Science in new millennium /
_cby Y. L. Chopra and Mamta Chopra
260 _aNew Delhi
_bEss Ess Publications
_c2001
300 _a184p.
_c18 cms.
700 _aChopra, Mamta
_942699
942 _2ddc
_cEN
_h020
_mCHO
999 _c63269
_d63269